000 00833nam a2200229 a 4500
999 _c11818
_d11818
001 11818
003 BD-JhCC
005 20201105091220.0
008 201105b2016 bg |||| ||a| 000 0 ben d
035 _a(BD-JhCC)11818
040 _aBD-JhCC
_dBD-JhCC
041 _aben
082 _a297.1222
_bULL 2016
100 _aউল্লাহ, মুহাম্মাদ আতীক
245 _aগুরফাতাম মিন হায়াত /
_cমুহাম্মাদ আতীক উল্লাহ ।
260 _aঢাকা:
_bমাকতাবাতুল আযহার;
_c২০১৬.
300 _a112 p. :
_c20 cm.
490 _aজীবন জাগার গল্প-১০
651 _aIslamic stories
_vMuslims
_xReligious life
_yIslamic Empire
_zGod (Islam)
942 _2ddc
_cBK